000 01467cam a2200337 a 4500
999 _c210853
_d210853
001 17311911
003 OSt
005 20220308161511.0
008 120521s2012 mau b 001 0beng
010 _a 2012019637
020 _a9780674066724 (cloth : alk. paper)
040 _aDLC
_cDLC
042 _apcc
043 _aa-ii---
050 0 0 _aDS481.G3
_bD4465 2012
082 0 0 _a954.035092 DEV
_aB
_223
100 1 _aDevji, Faisal.
245 1 4 _aThe Impossible Indian :
_bGandhi and the Temptation of Violence /
_cFaisal Devji.
260 _aCambridge, Mass. :
_bHarvard University Press,
_c2012.
300 _aix, 213 ;
_c25 cm.
365 _b3344
505 0 _aAcknowledgements Introduction; 1. Bastard History; 2. A Nation Misplaced; 3. In Praise of Prejudice; 4. Brothers in Arms; 5. Hitler’s Conversion; 6. Leaving India to Anarchy; Conclusion; Notes; Index
600 1 0 _aGandhi,
_cMahatma,
_d1869-1948
_xPhilosophy.
600 1 0 _aGandhi,
_cMahatma,
_d1869-1948
_xPolitical and social views.
650 0 _aStatesmen
_zIndia
_vBiography.
651 0 _aIndia
_xHistory
_ySepoy Rebellion, 1857-1858
_xInfluence.
856 _3Table of Contents
_uhttps://www.google.co.in/books/edition/The_Impossible_Indian/pwtpbcYMUHAC?hl=en&gbpv=1&printsec=frontcover
906 _a7
_bcbc
_corignew
_d1
_eecip
_f20
_gy-gencatlg
942 _2ddc
_cBK